00731nam a2200217 i 4500001000300000003000400003005001700007008004100024015001700065040001400082080001600096100004400112245007200156260004800228300002600276504001400302650002900316700003000345700004000375856009800415bgBPK20190622120910.0990506s1973 pl |000 0 pol  aPB 1973/6389 aWA NcBPK a347.78(438)1 aGrzybowski, Stefand(1902-2003).eAutor10aZagadnienia prawa autorskiego /cS. Grzybowski, A. Kopff, J. Serda. aWarszawa :bPańst. Wydaw. Naukowe,c1973. a454, [2] s. ;c24 cm. aBibliogr. 4aPrawo autorskiezPolska.1 aSerda, Jerzyd(1923-1992)1 aKopff, Andrzejd(1922-1992).eAutor uhttp://koha.tu.koszalin.pl/cgi-bin/koha/opac-detail.pl?biblionumber=25962yKatalog online BPK